00750nam a2200229 a 450000100060000000300090000600800410001502000150005604000280007104100080009908200170010710000390012424500410016325000120020426000480021630000190026449000290028365000400031294200120035299900170036495201390038126001CO-ViMGA141112s2004 ck r 000 u spa d a8427925963 aCO-ViMGAbspacCO-ViMGA aspa04a895.635 M37n1 aMishima, Yukio, 1925 - 197094058110aNieve de primavera / cYukio Mishima a3a. ed. aBarcelona : bLuis de Caralt Editor, c1984 a351 p. ; 20 cm aBiblioteca contemporanea14aNovela histórica japonesa940582 2ddccBK c33234d33234 00102ddc40708003aMEVIECARbMEVIECARd2015-12-04h24/oct/2014l0o895.635 M37n p27279r2015-12-04 00:00:00tEj. 1w2015-12-04yBK